Holiday Quiz

Random Holiday or Halloween Quiz

Cats in Strange Costumes Quiz Stats

Quiz Updated Jan 14, 2014

Challenge
Share
Tweet
Score 0/27 Timer 05:00
1 Play Today
% Correct
Scuba Steve
97%
Banana
89.7%
Snow White
89.1%
Bumble Bee
89%
Chicken
88.6%
Spiderman
88.5%
Hamburger
88.4%
Pirate
88.3%
Giraffe
88.2%
Mario
87.5%
Woody
87.4%
Lobster
87.3%
Shark
86.1%
Santa Claus
84.9%
% Correct
Pac Man
83.7%
Sonic the Hedgehog
81.6%
Bob Marley
80.9%
Nutcracker
79.4%
Snail
76.7%
The Grinch
74.8%
Cleopatra
71%
Leprechaun
69.2%
Gumby
65.1%
Pilgrim
59.6%
Walter White
56.8%
Nyan Cat
40.1%
Rice Krispie Treat
35.3%

You're not logged in!

Compare scores with friends on all Sporcle quizzes.
Sign Up with Email
OR
Log In

You Might Also Like...

Show Comments

Extras

Top Quizzes Today


Score Distribution

Your Account Isn't Verified!

In order to create a playlist on Sporcle, you need to verify the email address you used during registration. Go to your Sporcle Settings to finish the process.

Report this User

Report this user for behavior that violates our Community Guidelines.

Details: